Southville International School and Colleges
Your cart is empty.
  • Cart
  • Lists
    Public lists Eva Luna New books Lux_list list_1
    Your lists Log in to create your own lists
  • Log in to your account
  • Your cookies
  • Search history
Southville International School and Colleges
  • Advanced search
  • Recent comments
  • Most popular
  • Libraries

Log in to your account

Log in with GOOGLE


If you do not have an external account, but do have a local account, you can still log in:

  1. Home
  2. MARC view: Discrete mathematics for engineers and scientists /
Normal view MARC view ISBD view

Discrete mathematics for engineers and scientists / (Record no. 357469)

[ view plain ]
MARC details
000 -LEADER
fixed length control field 00496nam a2200181Ia 4500
008 - FIXED-LENGTH DATA ELEMENTS--GENERAL INFORMATION
fixed length control field 180523s9999 xx 000 0 und d
020 ## - INTERNATIONAL STANDARD BOOK NUMBER
International Standard Book Number 978-981-4232-92-0
050 ## - LIBRARY OF CONGRESS CALL NUMBER
Classification number MAIN QA 39.3
050 ## - LIBRARY OF CONGRESS CALL NUMBER
Item number .H34 2008 c.2
100 ## - MAIN ENTRY--PERSONAL NAME
Personal name Haggard, Gary.
245 #0 - TITLE STATEMENT
Title Discrete mathematics for engineers and scientists /
245 #0 - TITLE STATEMENT
Statement of responsibility, etc Gary Haggard, John Schlipf, Sue Whitesides.
260 ## - PUBLICATION, DISTRIBUTION, ETC. (IMPRINT)
Place of publication, distribution, etc Singapore :
260 ## - PUBLICATION, DISTRIBUTION, ETC. (IMPRINT)
Name of publisher, distributor, etc Thomson Learning,
260 ## - PUBLICATION, DISTRIBUTION, ETC. (IMPRINT)
Date of publication, distribution, etc 2008
300 ## - PHYSICAL DESCRIPTION
Extent 600 pages :
300 ## - PHYSICAL DESCRIPTION
Dimensions 24 cm.
Holdings
Withdrawn status Lost status Damaged status Home library Current library Shelving location Date acquired Total Checkouts Full call number Barcode Date last seen Price effective from Koha item type
      South Mansfield College South Mansfield College   05/26/2008   MAIN QA 39.3 .H34 2008 c.2 SMC05102 05/23/2018 05/23/2018  

Discrete mathematics for engineers and scientists /

APA

Haggard G., .Discrete mathematics for engineers and scientists. Singapore: .

Chicago

Haggard Gary, .Discrete mathematics for engineers and scientists. Singapore: .

Harvard

Haggard G., .Discrete mathematics for engineers and scientists. Singapore: .

MLA

Haggard Gary, .Singapore: . .

  • Place hold
  • Print
  • Cite
  • Add to your cart (remove)
  • Save record
    BIBTEX Dublin Core MARCXML MARC (non-Unicode/MARC-8) MARC (Unicode/UTF-8) MARC (Unicode/UTF-8, Standard) MODS (XML) RIS
  • More searches
    Search for this title in:
    Other Libraries (WorldCat) Other Databases (Google Scholar) Online Stores (Bookfinder.com) Open Library (openlibrary.org)

Exporting to Dublin Core...

SOUTHVILLE LIBRARY

Southville International School and Colleges Library

1281 Tropical Ave. Cor. Luxembourg St., BF Homes International, Las Pinas City

Tel. No. 8256374 / 252358 Loc. 117/146

Powered by Koha